000 00375nam a2200133 i 4500
001 bg
100 1 _aTRZCIŃSKA, B.
245 0 _aOddziaływanie inwestycji wiodącej na zatrudnienie w zakładach przemysłowych w ośrodkach... /
_cB.Trzcińska.
260 _aWarszawa,
_c1988.
040 _cBPK
041 _apol
942 _cKS
008 s pl f |000 0 pol
999 _c28637
_d28637
856 _uhttp://koha.tu.koszalin.pl/cgi-bin/koha/opac-detail.pl?biblionumber=28637
_yKatalog online BPK